| 000 | 01061nam a2200217 i 4500 | ||
|---|---|---|---|
| 001 | 98230 | ||
| 003 | ES-MaACL | ||
| 005 | 20231228063215.0 | ||
| 007 | t| | ||
| 008 | 050727s1975 cu ||||1| spa d | ||
| 100 | 1 |
_aMartí, José, _d1853-1895 _977189 |
|
| 245 | 1 | 0 |
_aObras completas / _cJosé Martí. |
| 250 | _a2ª ed. | ||
| 260 |
_aLa Habana : _bCiencias Sociales, _c1975. |
||
| 300 |
_a27 v. ; _c24 cm. |
||
| 505 | 8 | _aContiene: 1-5. Cuba - 6-8. Nuestra América - 9-13. En los Estados Unidos - 4-15. Europa - 16-17. Poesía - 18. Teatro. Novela. La edad de oro - 19. Viajes. Diarios. Crónicas. Juicios - 20. Epistolario - 21. Cuadernos de apuntes - 22. Fragmentos - 23. Periodismo diverso - 24-25. Traducciones - 26. Índice: onomástico, geográfico, general - 27. Guía: orden de materias; tabla cronológica de la vida de Martí, cómo era Martí | |
| 600 | 1 | 7 |
_aMartí, José, _d1853-1895- _xBiografías _2 _9141727 |
| 651 | 4 |
_aEstados Unidos- _xHistoria- _y1865-1898. _9155574 |
|
| 852 |
_aES-MaACL _jL-10782-808 |
||
| 999 |
_c98230 _d98230 |
||